000 00542cam a22001577a 4500
008 180718b1972 xxu||||| |||| 00| 0 eng d
082 _aL1 In2r
245 _aReading on performance budgeting
_cby Indian Institute of Public Administration, India; edited by J.K. Thavaraj and K.B. Iyer
260 _aDelhi
_bResearch Publication in Social Sciences
_c1972
300 _a154p.
500 _aRs.25.00
650 _aBudget - Procedure
700 _aIyer
700 _aThavaraj, J.K.
700 _aIndia. Indian Institute of Public Administration
999 _c475870
_d475870